Unified Modeling Language User Guide (Record no. 49687)

MARC details
000 -LEADER
fixed length control field 00440nam a2200169Ia 4500
008 - FIXED-LENGTH DATA ELEMENTS--GENERAL INFORMATION
fixed length control field 220530s9999 xx 000 0 und d
020 ## - INTERNATIONAL STANDARD BOOK NUMBER
International Standard Book Number 978-81-7758-372-4
041 ## - LANGUAGE CODE
Language code of text/sound track or separate title eng
082 ## - DEWEY DECIMAL CLASSIFICATION NUMBER
Classification number 5.117
Item number BOO
100 ## - MAIN ENTRY--PERSONAL NAME
Personal name Booch, G.
9 (RLIN) 54336
245 ## - TITLE STATEMENT
Title Unified Modeling Language User Guide
250 ## - EDITION STATEMENT
Edition statement 1st.
260 ## - PUBLICATION, DISTRIBUTION, ETC. (IMPRINT)
Place of publication, distribution, etc. New Dellhi
Name of publisher, distributor, etc. Pearson
300 ## - PHYSICAL DESCRIPTION
Extent 504 P.
Other physical details Pb
700 ## - ADDED ENTRY--PERSONAL NAME
Personal name Jacobson, I. Rumbaugh, J.
9 (RLIN) 54337
906 ## - LOCAL DATA ELEMENT F, LDF (RLIN)
a 115.5
b COMP
Holdings
Withdrawn status Lost status Damaged status Not for loan Collection code Home library Current library Date acquired Vendor Cost, normal purchase price Full call number Barcode Date last seen Cost, replacement price Bill Date Koha item type Original Barcode
        Allied Science Cummins College of Engineering for Women Nagpur Cummins College of Engineering for Women Nagpur 23/03/2010 Book World 525.00 005.117/BOO/001474 CEWN-BK-1474 30/05/2022 409.50 30/05/2022 Books 001474
        Allied Science Cummins College of Engineering for Women Nagpur Cummins College of Engineering for Women Nagpur 23/03/2010 Book World 525.00 005.117/BOO CEWN-BK-1475 30/05/2022 409.50 30/05/2022 Books 001475
        Allied Science Cummins College of Engineering for Women Nagpur Cummins College of Engineering for Women Nagpur 23/03/2010 Book World 525.00 005.117/BOO CEWN-BK-1476 30/05/2022 409.50 30/05/2022 Books 001476